00326nam a2200121Ia 4500008004100000041000800041082001700049100001200066245004500078260004200123300003000165365000900195240624s9999 xx 000 0 und d aeng a658.4013 COX aCOX IAN aVISUAL SIX SIGMA MAKING DATA ANALYSIS LE c2010aNew JerseybJohn Wiley and Sons axi, : 492 : p. : cm. ; 25 cb27